| 000 | 00571nmm a2200169Ia 4500 | ||
|---|---|---|---|
| 008 | 251105s9999||||xx |||||||||||||||||und|| | ||
| 020 | _a9788437097121 | ||
| 041 | _aspa | ||
| 100 | _aBigné Alcañiz, Enrique | ||
| 245 | 0 |
_aFronteras de la investigación en marketing : _b Hacia la unión disciplinaria |
|
| 264 |
_a[Madrid, España] : _bPublicaciones de la Universidad de Valencia (PUV), _c2015 |
||
| 300 | _a60 páginas | ||
| 490 | _aCiències socials | ||
| 650 | _aEconomics and Business | ||
| 856 | _uhttps://public.digitaliapublishing.com/a/44401 | ||
| 942 | _cCF | ||
| 999 |
_c82690 _d82690 |
||